[Event "CZE-chT2A 1920"]
[Site "Czech Republic"]
[Date "2020.01.12"]
[Round "6.8"]
[White "Saxl, Jiri"]
[Black "Kratochvil, Jakub"]
[Result "1/2-1/2"]
[WhiteElo "1782"]
[BlackElo "2028"]
[PlyCount "100"]
[EventDate "2019.10.13"]
[EventType "team-tourn"]
[EventRounds "11"]
[EventCountry "CZE"]
[SourceTitle "EXT 2024"]
[Source "ChessBase"]
[SourceDate "2023.10.10"]
[SourceVersion "1"]
[SourceVersionDate "2023.10.10"]
[SourceQuality "1"]
[WhiteTeam "Pribram Banik"]
[BlackTeam "Pankrac II"]
[WhiteTeamCountry "CZE"]
[BlackTeamCountry "CZE"]

1. e4 c5 2. Nf3 Nc6 3. d4 cxd4 4. Nxd4 g6 5. Nc3 Bg7 6. Be3 Nf6 7. Be2 0-0 8. 0-0 d5 9. Nxc6 bxc6 10. e5 Nd7 11. f4 e6 12. Na4 Qc7 13. Nc5 Nxc5 14. Bxc5 Rd8 15. c3 Bf8 16. Bxf8 Rxf8 17. b4 Qb6+ 18. Qd4 Ba6 19. Bxa6 Qxa6 20. a4 Rfc8 21. Rf2 Qb6 22. Qxb6 axb6 23. Rfa2 c5 24. g3 cxb4 25. cxb4 Rc4 26. Rb1 Kg7 27. a5 bxa5 28. bxa5 Ra6 29. Kf2 Rc5 30. Rba1 h6 31. Ke3 g5 32. Ra4 Kg6 33. R1a3 Kf5 34. h3 gxf4+ 35. gxf4 f6 36. exf6 Kxf6 37. Kf3 Kf5 38. Ke3 Rb5 39. Kf3 Rb2 40. Rc3 Rb5 41. Rca3 h5 42. Kg3 Rc5 43. Kh4 Rc4 44. Kg3 h4+ 45. Kf3 Rc5 46. Ke3 Rc2 47. Rb3 Rc5 48. Rba3 Rb5 49. Kf3 Rb2 50. Ke3 Rb5 1/2-1/2

[Event "CZE-chT3A Middle 0506  "]
[Site "Czech Republic"]
[Date "2005.11.27"]
[Round "3.7"]
[White "Saxl, Jiri"]
[Black "Hampl, Jiri"]
[Result "1-0"]
[WhiteElo "1791"]
[BlackElo "1727"]
[PlyCount "121"]
[EventDate "2005.10.30"]
[EventType "team"]
[EventRounds "11"]
[EventCountry "CZE"]
[SourceTitle "EXT 2009"]
[Source "ChessBase"]
[SourceDate "2008.11.26"]
[SourceVersion "1"]
[SourceVersionDate "2008.11.26"]
[SourceQuality "1"]

1. e4 e6 2. d4 d5 3. e5 c5 4. c3 Nc6 5. Nf3 h6 6. Bd3 Bd7 7. 0-0 cxd4 8. cxd4 Nb4 9. Be2 Rc8 10. Nc3 a6 11. Qb3 b5 12. a4 bxa4 13. Nxa4 a5 14. Bd2 Rb8 15. Qd1 Ne7 16. Nc5 Bc6 17. Qc1 Bb5 18. Bxb4 Bxe2 19. Bxa5 Qc8 20. Re1 Bxf3 21. gxf3 Nc6 22. Bc3 Be7 23. Nd3 0-0 24. Qf4 f5 25. Kh1 Bg5 26. Qg3 Qd8 27. Rg1 Rf7 28. f4 Bh4 29. Qh3 Kf8 30. Ra6 Rc8 31. Nc5 Qe7 32. Nxe6+ Qxe6 33. Qxh4 Ra7 34. Rxa7 Nxa7 35. Qh5 Rc6 36. Ra1 Ra6 37. Rg1 Nb5 38. Bb4+ Kg8 39. Bc5 Kh8 40. Qh4 Kh7 41. Qg3 Qd7 42. Qd3 Ra8 43. Re1 g6 44. e6 Qc6 45. Qe2 Nc7 46. Qe5 Ne8 47. e7 Ra6 48. b4 Qb5 49. Qe2 Qb7 50. b5 Rf6 51. b6 g5 52. fxg5 Rg6 53. Qb5 Qb8 54. Qd7 Qf4 55. Qxd5 Rxg5 56. Rf1 Rh5 57. Qg2 Nf6 58. f3 Ng4 59. Bd6 Qxd6 60. fxg4 Rxh2+ 61. Qxh2 1-0

[Event "CZE-chT3A Middle 0506  "]
[Site "Czech Republic"]
[Date "2005.11.13"]
[Round "2.4"]
[White "Saxl, Jiri"]
[Black "Kopecky, Jiri"]
[Result "1/2-1/2"]
[WhiteElo "1791"]
[BlackElo "1986"]
[PlyCount "96"]
[EventDate "2005.10.30"]
[EventType "team"]
[EventRounds "11"]
[EventCountry "CZE"]
[SourceTitle "EXT 2009"]
[Source "ChessBase"]
[SourceDate "2008.11.26"]
[SourceVersion "1"]
[SourceVersionDate "2008.11.26"]
[SourceQuality "1"]

1. e4 c5 2. Nf3 Nc6 3. d4 cxd4 4. Nxd4 Nf6 5. Nc3 e5 6. Ndb5 d6 7. Nd5 Nxd5 8. exd5 Nb8 9. c4 a6 10. Nc3 Be7 11. Bd3 0-0 12. 0-0 f5 13. f3 Bg5 14. Qe2 Nd7 15. Kh1 Bxc1 16. Raxc1 Qh4 17. Qf2 Qh5 18. b4 b6 19. Na4 Rb8 20. c5 bxc5 21. bxc5 dxc5 22. Nxc5 Qh6 23. Ne6 Re8 24. Rc7 Kh8 25. Bxf5 Nf6 26. Qa7 Bxe6 27. Bxe6 Nh5 28. Bh3 Nf4 29. Qe3 Nxd5 30. Qxh6 gxh6 31. Rc6 Ne3 32. Re1 Rb2 33. Rxa6 Reb8 34. Rc1 Rb1 35. Rac6 R8b2 36. a4 Rxc1+ 37. Rxc1 Ra2 38. Kg1 Rxa4 39. Kf2 Nd5 40. Rc5 Ra2+ 41. Kg3 Rd2 42. Bf5 Ne3 43. Rxe5 Rxg2+ 44. Kh3 Rg5 45. Rxe3 Rxf5 46. Kg4 Rg5+ 47. Kf4 Rh5 48. Re2 Kg7 1/2-1/2